Đặc điểm sinh học sinh sản của cá kèo đỏ Trypauchen vagina (Bloch & Schneider 1801) ở vùng cửa sông Hậu : Báo cáo tổng kết đề tài nghiêm cứu khoa học của sinh viên
Thực hiện tiêu bản hiển vi về cấu trúc mô học tuyến sinh dục của cá kèo đỏ nhằm phục vụ giảng dạy.
Tallennettuna:
| Päätekijä: | |
|---|---|
| Aineistotyyppi: | Kirja |
| Kieli: | Undetermined |
| Julkaistu: |
Cần Thơ
Trường Đại học Cần Thơ
2015
|
| Aiheet: | |
| Tagit: |
Lisää tagi
Ei tageja, Lisää ensimmäinen tagi!
|
| Thư viện lưu trữ: | Trung tâm Học liệu Trường Đại học Cần Thơ |
|---|
| LEADER | 01135nam a2200229Ia 4500 | ||
|---|---|---|---|
| 001 | CTU_210206 | ||
| 008 | 210402s9999 xx 000 0 und d | ||
| 082 | |a 639.31 | ||
| 082 | |b Nh550 | ||
| 088 | |a TSV2015-58 | ||
| 100 | |a Huỳnh, Hà Như | ||
| 245 | 0 | |a Đặc điểm sinh học sinh sản của cá kèo đỏ Trypauchen vagina (Bloch & Schneider 1801) ở vùng cửa sông Hậu : | |
| 245 | 0 | |b Báo cáo tổng kết đề tài nghiêm cứu khoa học của sinh viên | |
| 245 | 0 | |c Huỳnh Hà Như ; Nguyễn Minh Thành (hướng dẫn) | |
| 260 | |a Cần Thơ | ||
| 260 | |b Trường Đại học Cần Thơ | ||
| 260 | |c 2015 | ||
| 520 | |a Thực hiện tiêu bản hiển vi về cấu trúc mô học tuyến sinh dục của cá kèo đỏ nhằm phục vụ giảng dạy. | ||
| 650 | |a Freshwater fishes,Freshwater fishes,Cá nước ngọt,Cá nước ngọt | ||
| 650 | |x Ecology,Breeding,Sinh thái học,Kỹ thuật nuôi | ||
| 904 | |i Nguyễn Duy Khang,Qhieu | ||
| 980 | |a Trung tâm Học liệu Trường Đại học Cần Thơ | ||